Law and Society in Modern India (Record no. 6419)

MARC details
000 -LEADER
fixed length control field 00426nam a22001697a 4500
005 - DATE AND TIME OF LATEST TRANSACTION
control field 20210904113624.0
008 - FIXED-LENGTH DATA ELEMENTS--GENERAL INFORMATION
fixed length control field 200522b xxu||||| |||| 00| 0 eng d
020 ## - INTERNATIONAL STANDARD BOOK NUMBER
ISBN 9780195632057
041 ## - LANGUAGE CODE
Language code of text/sound track or separate title eng
082 ## - DEWEY DECIMAL CLASSIFICATION NUMBER
Classification number 340.1 GAL
100 ## - MAIN ENTRY--AUTHOR NAME
Personal name Galanter, Marc
245 ## - TITLE STATEMENT
Title Law and Society in Modern India
260 ## - PUBLICATION, DISTRIBUTION, ETC. (IMPRINT)
Place of publication New Delhi
Name of publisher Oxford University Press
Year of publication 1989
300 ## - PHYSICAL DESCRIPTION
Number of Pages 329p., xcix
650 ## - SUBJECT ADDED ENTRY--TOPICAL TERM
Topical Term LAW
942 ## - ADDED ENTRY ELEMENTS (KOHA)
Koha item type Books
Holdings
Lost status Damaged status Collection code Home library Current library Shelving location Date acquired Source of acquisition Cost, normal purchase price Full call number Accession Number Koha item type
    Reference JRU Library JRU Library SHELF-1-D 03/06/2020 PURCHASE 445.00 340.1 GAL 24334 Books
    LAW JRU Library JRU Library SHELF-30-A 03/06/2020 PURCHASE 445.00 340.1 GAL 24335 Books
    LAW JRU Library JRU Library SHELF-30-A 03/06/2020 PURCHASE 445.00 340.1 GAL 24336 Books
    LAW JRU Library JRU Library SHELF-30-A 03/06/2020 PURCHASE 445.00 340.1 GAL 24337 Books
    LAW JRU Library JRU Library SHELF-30-A 03/06/2020 PURCHASE 445.00 340.1 GAL 24338 Books